• 首页
  • 本馆介绍
  • 公告通知
  • 最新文献
  • 馆藏检索
  • 电子资源
  • 读者导购
  • 参考咨询
  • 我的图书馆
  • 登录
  • 详细信息显示
  • 放入我的书架
  • 预约/预借图书
  • 作者相关作品
  • 分类相关作品
  • 丛书相关作品
  • 出版社相关作品

书目信息

  • 表格格式
  • 工作单格式
  • 卡片格式
题名:
欢乐正前方
    
 
作者: 小颖 , 小颖 编著
分册:  
出版信息: 北京   现代出版社  2003
页数: 121页
开本: 21cm
丛书名: 修正文库
单 册:
中图分类: I235.3
科图分类:
主题词: 广播节目--解说词--中国--现代 , 广播节目 , 解说词
电子资源:
ISBN: 7-80188-124-9
000 01409nam0 2200445 450
000 01374nam0 2200433 450
000 01337nam0 2200421 450
000 01315nam0 2200409 450
000 01278nam0 2200397 450
000 01241nam0 2200385 450
000 01204nam0 2200373 450
000 01142nam0 2200361 450
000 01105nam0 2200349 450
000 01038oam2 2200325 450
001 0104000022
005 20070614084342.98
010    @a7-80188-124-9@dCNY19.80
100    @a20051012d2003 em y0chiy0110 ea
101 0  @achi
102    @aCN@b110000
105    @aa z 000zy
200 1  @a欢乐正前方@Ahuan le zheng qian fang@f小颖编著@Fxiao ying bian zhu
210    @a北京@c现代出版社@d2003
215    @a121页@c照片@d21cm@e光盘1片
225 2  @a修正文库
300    @a本书取材自北京交通广播《欢乐正前方》节目
307    @a光盘1张
330    @a该书内含18个故事,即《加菲猫语录》、《国际吃运会》、《有魅力的男人及补充说明》、《如何合理逃避买单》、《如何给猫洗澡》等。
461  0 @12001 @a修正文库
510 1  @aFacing Joy@zeng
606 0  @a广播节目@x解说词@y中国@z现代
606 0  @a广播节目
606 0  @a解说词
690    @aI235.3@v4
701  0 @a小颖@4编著
701  0 @a小颖@Axiao ying@4编著
801  0 @aCN@b北京荣雅伟业图书经销中心@c20070614
905    @aBZT@dI235.3@e2
906    @dCNY19.80@n0@r1
    
    欢乐正前方/小颖编著.-北京:现代出版社,2003
    121页:照片;21cm+光盘1片.-(修正文库)
    本书取材自北京交通广播《欢乐正前方》节目
    
    ISBN 7-80188-124-9:CNY19.80
    该书内含18个故事,即《加菲猫语录》、《国际吃运会》、《有魅力的男人及补充说明》、《如何合理逃避买单》、《如何给猫洗澡》等。
●
相关链接 在五车中查询图书 在当当中查询图书 在豆瓣中查询图书


正题名:欢乐正前方     索取号:I235.3/2         预约/预借

序号 登录号 条形码 馆藏地/架位号 状态 备注
1 509881   230093210   中心书库中库/打包BH1280/ [索取号:I235.3/2] 在馆    
2 509882   230093209   中心书库中库/打包BH1280/ [索取号:I235.3/2] 在馆    
3 509883   230093211   中心书库中库/打包BH1247/ [索取号:I235.3/2] 在馆    
4 509884   230093212   中心书库中库/打包BH1280/ [索取号:I235.3/2] 在馆    
5 509885   230093213   中心书库中库/打包BH1247/ [索取号:I235.3/2] 在馆    
6 556189   230144082   中心书库中库/打包BH1280/ [索取号:I235.3/2] 在馆    
7 556190   230144081   中心书库中库/打包BH1280/ [索取号:I235.3/2] 在馆    
8 556191   230144080   中心书库中库/打包BH1280/ [索取号:I235.3/2] 在馆    
9 556192   230144079   中心书库中库/打包BH1280/ [索取号:I235.3/2] 在馆    
10 556193   230144078   中心书库中库/打包BH1247/ [索取号:I235.3/2] 在馆    
山东省滨州职业学院图书馆 欢迎您!
大连网信软件有限公司© 版权所有